[Event "4NCL Online Division 5"]
[Site "online"]
[Date "2020.05.05"]
[Round "5.163"]
[White "Nagda, Maanav"]
[Black "Dilukshan, Manoharan"]
[Result "1-0"]
[WhiteElo "1592"]
[BlackElo "1480"]
[PlyCount "191"]
[EventDate "2020.05.05"]
[WhiteTeam "Watford Juniors A"]
[BlackTeam "Harrow 4"]

1. d4 Nf6 2. Nc3 g6 3. Bg5 Bg7 4. e4 d6 5. Nf3 O-O 6. Be2 c6 7. O-O Re8 8. Re1
Qb6 9. Rb1 Bg4 10. Qd3 Nfd7 11. Red1 Bxf3 12. Bxf3 e5 13. dxe5 Bxe5 14. Be3 Qc7
15. h3 Na6 16. Re1 Rad8 17. Qe2 Bg7 18. Bd2 d5 19. Bg5 Rb8 20. Qd2 d4 21. Ne2
c5 22. Bf4 Be5 23. Bh6 Nb6 24. Qd1 Bh2+ 25. Kh1 Be5 26. Nc1 Bf4 27. Bxf4 Qxf4
28. Nd3 Qc7 29. Qd2 Nc4 30. Qd1 Ne5 31. Nxe5 Qxe5 32. Qd3 Nb4 33. Qb3 a5 34.
Kg1 b6 35. Kf1 Qe6 36. a3 Qxb3 37. cxb3 Nd3 38. Re2 Ne5 39. Bg4 Nxg4 40. hxg4
Re5 41. f3 Rd8 42. Rd1 Kg7 43. Kf2 Kf6 44. Red2 Re7 45. Ke2 Kg5 46. Kf2 Kf4 47.
Rd3 Ke5 48. Ke2 Kf4 49. Kf2 Rde8 50. R3d2 Re5 51. Rd3 h5 52. gxh5 Rxh5 53. R3d2
Rh2 54. Rc1 Re5 55. Rcd1 Rg5 56. Rg1 Rgh5 57. Rdd1 Rg5 58. Rd2 Rg3 59. Kf1
Rxf3+ 60. Rf2 Rxf2+ 61. Kxf2 Kxe4 62. Re1+ Kf5 63. Re7 d3 64. Rxf7+ Kg5 65. Rd7
Rh4 66. Rxd3 Rd4 67. Rg3+ Kf6 68. Rf3+ Kg7 69. Re3 Rd2+ 70. Re2 Rd3 71. Re3
Rd2+ 72. Re2 Rxe2+ 73. Kxe2 Kf6 74. Ke3 Kf5 75. Kf3 Kg5 76. Kg3 Kf5 77. Kf3 a4
78. bxa4 c4 79. g3 Kg5 80. g4 Kf6 81. Ke4 Kg5 82. Kf3 Kf6 83. Kf4 g5+ 84. Ke4
Ke6 85. Kd4 Kf6 86. Kxc4 Ke5 87. Kb5 Kf4 88. Kxb6 Kxg4 89. a5 Kh3 90. a6 g4 91.
a7 g3 92. a8=Q g2 93. Qh8+ Kg3 94. Qg8+ Kf2 95. Qxg2+ Kxg2 96. a4 1-0

[Event "4NCL Online Division 5"]
[Site "online"]
[Date "2020.05.05"]
[Round "5.164"]
[White "Walker, David J R"]
[Black "Morrell, Sean"]
[Result "0-1"]
[WhiteElo "1285"]
[BlackElo "1607"]
[PlyCount "76"]
[EventDate "2020.05.05"]
[WhiteTeam "Harrow 4"]
[BlackTeam "Watford Juniors A"]

1. d4 e6 2. c4 d5 3. Nc3 Nf6 4. Bg5 Nbd7 5. Nf3 c6 6. e3 Qa5 7. a3 Ne4 8. Qc1
Nxg5 9. Nxg5 dxc4 10. Nf3 b5 11. Be2 Be7 12. O-O O-O 13. Rd1 Bb7 14. e4 Nf6 15.
e5 Nd5 16. Qd2 Qb6 17. Rab1 a5 18. Qc2 c5 19. dxc5 Bxc5 20. Ne4 Nf4 21. Nxc5
Qxc5 22. Rd7 Bd5 23. Rd1 Qc6 24. Rd6 Qb7 25. Rd4 Nxe2+ 26. Qxe2 b4 27. Rd2 c3
28. Rc2 bxa3 29. bxa3 Qb1+ 30. Ne1 Rfc8 31. Qe3 Qb3 32. Qe2 Qxa3 33. h3 Rab8
34. Kh2 Rb2 35. Nd3 Rxc2 36. Qd1 Rd2 37. Qe1 Rxd3 38. Rb6 c2 0-1

[Event "4NCL Online Division 5"]
[Site "online"]
[Date "2020.05.05"]
[Round "5.171"]
[White "Wong, Tristan"]
[Black "Kirkman, Nigel J"]
[Result "0-1"]
[WhiteElo "1622"]
[BlackElo "1795"]
[PlyCount "64"]
[EventDate "2020.05.05"]
[WhiteTeam "Warwickshire Bears C"]
[BlackTeam "East Cornwall Clowns"]

1. d4 Nf6 2. Bf4 e6 3. e3 b6 4. Nf3 Bb7 5. Bd3 d5 6. Nbd2 Nbd7 7. O-O Be7 8. c3
c5 9. Qe2 O-O 10. Ne5 c4 11. Bc2 Nxe5 12. dxe5 Nd7 13. Qh5 f5 14. Nf3 Qe8 15.
Qh3 Kh8 16. g4 Qg6 17. g5 Nc5 18. Nh4 Qe8 19. Bd1 Ne4 20. Ng6+ Qxg6 21. Bh5
Nxg5 22. Bxg6 Nxh3+ 23. Kg2 Nxf4+ 24. exf4 hxg6 25. Kg3 g5 26. f3 gxf4+ 27.
Kxf4 g5+ 28. Ke3 Kg7 29. h3 Rh8 30. Rh1 f4+ 31. Kd2 Rh5 32. Rag1 Rah8 0-1

[Event "4NCL Online Division 5"]
[Site "online"]
[Date "2020.05.05"]
[Round "5.172"]
[White "Henderson, Jason"]
[Black "Morris, William"]
[Result "1-0"]
[WhiteElo "1705"]
[BlackElo "1615"]
[PlyCount "51"]
[EventDate "2020.05.05"]
[WhiteTeam "East Cornwall Clowns"]
[BlackTeam "Warwickshire Bears C"]

1. d4 e6 2. c4 c5 3. Nf3 d5 4. Nc3 Nf6 5. e3 Nc6 6. Be2 Be7 7. O-O O-O 8. b3 b6
9. Bb2 Bb7 10. cxd5 Nxd5 11. Nxd5 Qxd5 12. Bc4 Qd8 13. Qe2 Qc7 14. Rfd1 Rfd8
15. d5 exd5 16. Bxd5 Rd6 17. Ne5 Rf8 18. Nxc6 Bxc6 19. Be5 Bf6 20. Bxd6 Qxd6
21. Bxf7+ Rxf7 22. Rxd6 Bxa1 23. Rxc6 Be5 24. Rc8+ Rf8 25. Qc4+ Kh8 26. Rxf8#
1-0

[Event "4NCL Online Division 5"]
[Site "online"]
[Date "2020.05.05"]
[Round "5.173"]
[White "Pillay, Shriya"]
[Black "Reid, Mark"]
[Result "0-1"]
[WhiteElo "1532"]
[BlackElo "1420"]
[PlyCount "118"]
[EventDate "2020.05.05"]
[WhiteTeam "Warwickshire Bears C"]
[BlackTeam "East Cornwall Clowns"]

1. e4 c5 2. Nf3 e6 3. Nc3 a6 4. Bc4 b5 5. Bb3 c4 6. Bxc4 bxc4 7. Qe2 Qc7 8. O-O
d6 9. d3 cxd3 10. cxd3 Nf6 11. h3 Nbd7 12. Bf4 Be7 13. Rac1 Qb8 14. Rfe1 O-O
15. d4 e5 16. Bh2 Bb7 17. Nd5 Nxd5 18. exd5 Bxd5 19. dxe5 Bxf3 20. gxf3 dxe5
21. f4 Bf6 22. Qg4 Qb5 23. Kh1 exf4 24. Bxf4 Ne5 25. Bxe5 Bxe5 26. b3 Qb7+ 27.
f3 Bf6 28. Rg1 Rac8 29. Rcd1 Rfd8 30. Rde1 Rc3 31. Rg3 Qc8 32. Qf4 Kh8 33. Reg1
Qc7 34. Qg4 Rc1 35. h4 Rxg1+ 36. Rxg1 Qd7 37. Qg3 Qd4 38. f4 Qe4+ 39. Rg2 Rd2
40. h5 Rxg2 41. Qxg2 Qxg2+ 42. Kxg2 g6 43. hxg6 fxg6 44. b4 Bb2 45. a4 Ba3 46.
b5 axb5 47. axb5 Bd6 48. Kg3 Kg7 49. Kg4 Kf6 50. b6 h5+ 51. Kf3 Kf5 52. b7 Bxf4
53. Kg2 g5 54. Kh3 g4+ 55. Kg2 h4 56. Kh1 h3 57. Kg1 g3 58. b8=Q Bxb8 59. Kh1
g2+ 0-1

[Event "4NCL Online Division 5"]
[Site "online"]
[Date "2020.05.05"]
[Round "5.174"]
[White "Hendin, Richard"]
[Black "Agrawal, Ansh"]
[Result "0-1"]
[WhiteElo "1360"]
[BlackElo "1472"]
[PlyCount "100"]
[EventDate "2020.05.05"]
[WhiteTeam "East Cornwall Clowns"]
[BlackTeam "Warwickshire Bears C"]

1. d4 Nf6 2. Nc3 d5 3. Bf4 Bf5 4. e3 e6 5. Bd3 Bxd3 6. Qxd3 Bd6 7. Bg3 Bxg3 8.
hxg3 Nc6 9. a3 a6 10. f4 Qe7 11. O-O-O O-O-O 12. Qe2 g6 13. g4 h5 14. g5 Nd7
15. Nf3 Nb6 16. Nd2 Rhf8 17. Rhe1 f5 18. gxf6 Qxf6 19. Nb3 Kb8 20. Rf1 g5 21.
fxg5 Qxg5 22. Kb1 Nc4 23. Rxf8 Rxf8 24. Rd3 Rg8 25. e4 dxe4 26. Qxe4 Qxg2 27.
Qxe6 Nd6 28. Rd2 Qg6 29. d5 Nd8 30. Qxg6 Rxg6 31. Nc5 Rh6 32. N3e4 Nxe4 33.
Nxe4 h4 34. c4 Nf7 35. c5 h3 36. Rh2 Ka7 37. b4 b6 38. a4 Rh4 39. d6 Rxe4 40.
d7 Rxb4+ 41. Kc2 Rc4+ 42. Kb3 Rxc5 43. Rd2 Nd8 44. Kb4 h2 45. Rxh2 Rd5 46. Rh7
Kb7 47. Kc4 Kc6 48. Re7 Rxd7 49. Rxd7 Kxd7 50. Kd5 Nb7 0-1

[Event "4NCL Online Division 5"]
[Site "online"]
[Date "2020.05.05"]
[Round "5.181"]
[White "Chung, Ethan Cheung Jing"]
[Black "Siddle, Michael"]
[Result "1-0"]
[WhiteElo "1847"]
[BlackElo "1562"]
[PlyCount "93"]
[EventDate "2020.05.05"]
[WhiteTeam "Young Dragons"]
[BlackTeam "Bishop Knights"]

1. e4 d5 2. exd5 Qxd5 3. Nc3 Qa5 4. Nf3 Bf5 5. d4 c6 6. Bc4 Nd7 7. O-O Ngf6 8.
Ng5 e6 9. Re1 Nd5 10. Bxd5 cxd5 11. Qf3 Nf6 12. Qxf5 Be7 13. Qh3 h6 14. Nxf7
Kxf7 15. Qxe6+ Kg6 16. Re3 Rhe8 17. Rg3+ Kh7 18. Qf5+ Kh8 19. Qg6 Bf8 20. Bxh6
Re7 21. Bg5 Re6 22. Bxf6 Rxf6 23. Rh3+ Kg8 24. Qh7+ Kf7 25. Rf3 Rxf3 26. gxf3
Rd8 27. Re1 Qa6 28. Qf5+ Qf6 29. Qxf6+ Kxf6 30. Re5 Kg6 31. Rxd5 Re8 32. f4 a6
33. Re5 Rd8 34. d5 Bd6 35. Rg5+ Kh7 36. f5 Be7 37. Rh5+ Kg8 38. Rh3 Bf6 39. Rd3
Re8 40. d6 Rd8 41. Ne4 Be5 42. d7 Bxb2 43. Nc5 Bf6 44. Nxb7 Rb8 45. d8=Q+ Bxd8
46. Rxd8+ Rxd8 47. Nxd8 1-0

[Event "4NCL Online Division 5"]
[Site "online"]
[Date "2020.05.05"]
[Round "5.182"]
[White "Sides, David"]
[Black "Davies, Milo"]
[Result "0-1"]
[WhiteElo "1547"]
[BlackElo "1420"]
[PlyCount "82"]
[EventDate "2020.05.05"]
[WhiteTeam "Bishop Knights"]
[BlackTeam "Young Dragons"]

1. e4 d5 2. d3 dxe4 3. dxe4 Qxd1+ 4. Kxd1 e5 5. Nf3 Nc6 6. Bb5 Bd7 7. Nc3 O-O-O
8. Ke2 Nd4+ 9. Nxd4 exd4 10. Bxd7+ Rxd7 11. Nb5 a6 12. Na3 Nf6 13. f3 b5 14.
Rd1 c5 15. Bf4 Bd6 16. e5 Re8 17. Kf2 Bxe5 18. Bxe5 Rxe5 19. Re1 Rde7 20. Rxe5
Rxe5 21. Re1 Rxe1 22. Kxe1 Kd7 23. Kd2 Kd6 24. c3 dxc3+ 25. bxc3 Kd5 26. Nc2
Nd7 27. Ne3+ Ke5 28. g3 Nb6 29. Kd3 c4+ 30. Kc2 h5 31. Ng2 g5 32. a3 Nd5 33.
Kd2 f5 34. h3 g4 35. hxg4 hxg4 36. fxg4 fxg4 37. Ne3 Nxe3 38. Kxe3 a5 39. Kf2
Ke4 40. Ke2 a4 41. Kf2 Kd3 0-1

[Event "4NCL Online Division 5"]
[Site "online"]
[Date "2020.05.05"]
[Round "5.183"]
[White "Davies, Tom"]
[Black "Clynes, Chris"]
[Result "1-0"]
[WhiteElo "1405"]
[BlackElo "1435"]
[PlyCount "61"]
[EventDate "2020.05.05"]
[WhiteTeam "Young Dragons"]
[BlackTeam "Bishop Knights"]

1. c4 g6 2. Nc3 Bg7 3. Nf3 Nf6 4. g3 d5 5. cxd5 Nxd5 6. e4 Nxc3 7. bxc3 O-O 8.
Bg2 b6 9. O-O Bb7 10. Re1 Nc6 11. d4 Rb8 12. Ba3 Re8 13. Qd2 Na5 14. Qd3 c5 15.
Rad1 cxd4 16. cxd4 Nc6 17. e5 e6 18. Nd2 Nxe5 19. Qe3 Bxg2 20. dxe5 Bb7 21. Nc4
Bd5 22. Nd6 Rf8 23. f4 f6 24. exf6 Bxf6 25. Rc1 Be7 26. Qe5 Bxd6 27. Qxd6 Qf6
28. Red1 Rfd8 29. Qc7 a5 30. Be7 Qb2 31. Rc2 1-0

[Event "4NCL Online Division 5"]
[Site "online"]
[Date "2020.05.05"]
[Round "5.184"]
[White "Burnett, John"]
[Black "Jaberansari, Benjamin"]
[Result "0-1"]
[WhiteElo "1247"]
[BlackElo "1330"]
[PlyCount "46"]
[EventDate "2020.05.05"]
[WhiteTeam "Bishop Knights"]
[BlackTeam "Young Dragons"]

1. e4 d5 2. exd5 Nf6 3. Bb5+ Bd7 4. Bxd7+ Qxd7 5. Nc3 Nxd5 6. Nxd5 Qxd5 7. Nf3
Nc6 8. O-O e5 9. d3 Bc5 10. Bf4 exf4 11. Re1+ Be7 12. c4 Qc5 13. Rc1 O-O 14. d4
Qb4 15. b3 Bf6 16. Ne5 Bxe5 17. dxe5 Rad8 18. Qe2 Nd4 19. Qe4 f5 20. Qxf4 Nc2
21. Re2 Nd4 22. Ree1 Qxe1+ 23. Rxe1 Ne2+ 0-1

[Event "4NCL Online Division 5"]
[Site "online"]
[Date "2020.05.05"]
[Round "5.191"]
[White "Butina, Darko"]
[Black "Brett, Alex I"]
[Result "1-0"]
[WhiteElo "1465"]
[BlackElo "1480"]
[PlyCount "91"]
[EventDate "2020.05.05"]
[WhiteTeam "Broken Herts 2"]
[BlackTeam "Wimbledon 3"]

1. d4 c5 2. c3 cxd4 3. cxd4 d5 4. e3 Nc6 5. Bd3 Nf6 6. Nd2 e6 7. Ngf3 Bd6 8.
O-O O-O 9. b3 Nb4 10. Bb1 b6 11. e4 dxe4 12. Nxe4 Nxe4 13. Bxe4 Nd5 14. Qc2 f5
15. Bxd5 exd5 16. Re1 Bb7 17. Ne5 Rc8 18. Qd3 Rc7 19. Bd2 Qc8 20. Rac1 Re8 21.
Rxc7 Bxc7 22. f4 Ba6 23. Qf3 Bb7 24. Rc1 Qd8 25. g3 b5 26. b4 Bb6 27. Be3 Qe7
28. a3 Qe6 29. Kf2 Rc8 30. Qd1 Rxc1 31. Qxc1 Qc8 32. Qxc8+ Bxc8 33. Kf3 a5 34.
Nd3 Kf8 35. h4 Bc7 36. Bd2 h5 37. Ke3 Ke7 38. bxa5 Bd6 39. Bb4 Kd7 40. Bxd6
Kxd6 41. Nc5 Kc7 42. Kd3 Kb8 43. Kc3 Ka7 44. Kb4 Ba6 45. Ne6 g6 46. Nf8 1-0

[Event "4NCL Online Division 5"]
[Site "online"]
[Date "2020.05.05"]
[Round "5.192"]
[White "Kucukyildiz, Alp Tugrul"]
[Black "Lynch, Mark"]
[Result "1/2-1/2"]
[WhiteElo "1397"]
[BlackElo "1472"]
[PlyCount "27"]
[EventDate "2020.05.05"]
[WhiteTeam "Wimbledon 3"]
[BlackTeam "Broken Herts 2"]

1. e4 d6 2. d4 Nf6 3. Nc3 Nbd7 4. f4 e5 5. fxe5 dxe5 6. dxe5 Nxe5 7. Qxd8+ Kxd8
8. Nf3 Bd6 9. Bd3 a6 10. O-O Ke7 11. Nd5+ Nxd5 12. exd5 h6 13. Re1 f6 14. Bf4
1/2-1/2

[Event "4NCL Online Division 5"]
[Site "online"]
[Date "2020.05.05"]
[Round "5.193"]
[White "Williams, Graham"]
[Black "Selim, Omar"]
[Result "1-0"]
[WhiteElo "1435"]
[BlackElo "1262"]
[PlyCount "165"]
[EventDate "2020.05.05"]
[WhiteTeam "Broken Herts 2"]
[BlackTeam "Wimbledon 3"]

1. d4 d5 2. c4 e6 3. e3 Be7 4. cxd5 exd5 5. Nf3 Nf6 6. Be2 O-O 7. O-O b6 8. Nc3
Ba6 9. Bxa6 Nxa6 10. a3 c6 11. b4 Nc7 12. Bb2 Re8 13. Ne5 Qd6 14. Rc1 Nd7 15.
f4 Nxe5 16. dxe5 Qd7 17. Ne4 Qd8 18. Ng3 c5 19. Qc2 Rc8 20. Qb3 Qd7 21. Rfd1
Bf8 22. h3 Red8 23. e4 d4 24. Kh2 Ne6 25. f5 Nc7 26. e6 fxe6 27. fxe6 Qxe6 28.
Qxe6+ Nxe6 29. bxc5 bxc5 30. Rc4 g6 31. a4 d3 32. Rd2 Bh6 33. Rd1 d2 34. Ne2
Rb8 35. Bc3 Nf4 36. Nxf4 Bxf4+ 37. g3 Be3 38. Kg2 Rb7 39. Kf1 Rf8+ 40. Ke2 Bg5
41. Bxd2 Be7 42. Rdc1 Rc7 43. R1c2 Bd6 44. g4 Rcf7 45. Be3 Bf4 46. Rxc5 Bxe3
47. Kxe3 Rf3+ 48. Kd4 Rxh3 49. Rc8 Rxc8 50. Rxc8+ Kf7 51. Rc7+ Kf6 52. Rxa7 Rg3
53. Ra6+ Kg5 54. Re6 Ra3 55. Ra6 Kxg4 56. e5 Kf5 57. e6 Rxa4+ 58. Rxa4 Kxe6 59.
Ke4 Kf6 60. Ra1 h5 61. Kf3 Kf5 62. Rh1 Kg5 63. Kg3 Kh6 64. Kh3 g5 65. Rg1 h4
66. Kg4 Kg6 67. Ra1 h3 68. Kxh3 Kh5 69. Kg3 Kg6 70. Kg4 Kf6 71. Ra6+ Ke5 72.
Kxg5 Kd4 73. Ra5 Kc4 74. Kf4 Kb4 75. Rd5 Kc4 76. Ke4 Kc3 77. Rd4 Kc2 78. Rd3
Kb2 79. Kd4 Kc2 80. Kc4 Kb2 81. Rd2+ Ka3 82. Rc2 Ka4 83. Ra2# 1-0

[Event "4NCL Online Division 5"]
[Site "online"]
[Date "2020.05.05"]
[Round "5.194"]
[White "Sood, Kamaljit"]
[Black "Huhn, Robert M"]
[Result "0-1"]
[WhiteElo "1090"]
[BlackElo "1412"]
[PlyCount "110"]
[EventDate "2020.05.05"]
[WhiteTeam "Wimbledon 3"]
[BlackTeam "Broken Herts 2"]

1. e4 c6 2. d4 d5 3. exd5 cxd5 4. Nf3 Nc6 5. Bb5 Nf6 6. Nc3 Bg4 7. h3 Bh5 8.
Bg5 e6 9. O-O Be7 10. Qd3 O-O 11. Rfe1 Bxf3 12. Qxf3 Nxd4 13. Qd3 Nxb5 14. Nxb5
a6 15. Nd4 Ne4 16. Be3 Rc8 17. Re2 Bc5 18. a3 Qf6 19. b4 Bd6 20. Rc1 Bf4 21.
Bxf4 Qxf4 22. Qe3 Qxe3 23. Rxe3 Rc4 24. c3 Rfc8 25. Ne2 Nd2 26. Rc2 Ne4 27. Ng3
Nxg3 28. Rxg3 d4 29. Rd3 Rxc3 30. Rcd2 Rxd3 31. Rxd3 e5 32. g3 Rc3 33. Rd2 Rxa3
34. Rc2 Rc3 35. Rd2 Rb3 36. Rc2 Rc3 37. Rd2 Rc4 38. Rb2 d3 39. Kf1 Rc2 40. Rb1
d2 41. Rd1 Rc1 42. Ke2 Rxd1 43. Kxd1 f5 44. Kxd2 Kf7 45. Ke3 Ke6 46. f3 Kd5 47.
Kd3 g5 48. Kc3 b5 49. Kd3 e4+ 50. fxe4+ fxe4+ 51. Ke3 Kc4 52. Kxe4 Kxb4 53. Kd5
Kc3 54. Kc5 b4 55. g4 b3 0-1

[Event "4NCL Online Division 5"]
[Site "online"]
[Date "2020.05.05"]
[Round "5.201"]
[White "Vig, Sanjay"]
[Black "Demjan, Denisz"]
[Result "1-0"]
[WhiteElo "1532"]
[BlackElo "1277"]
[PlyCount "27"]
[EventDate "2020.05.05"]
[WhiteTeam "Watford 3"]
[BlackTeam "Watford Juniors B"]

1. e4 e5 2. f4 exf4 3. Nf3 g5 4. h4 f6 5. Nxg5 fxg5 6. Qh5+ Ke7 7. Bc4 Qe8 8.
Qxg5+ Kd6 9. Nc3 Qe5 10. Nb5+ Qxb5 11. Bxb5 Nc6 12. b3 h6 13. Ba3+ Ke6 14. Qf5#
1-0

[Event "4NCL Online Division 5"]
[Site "online"]
[Date "2020.05.05"]
[Round "5.202"]
[White "Istari, Eliya"]
[Black "Demjan, Bogdan"]
[Result "1-0"]
[WhiteElo "1225"]
[BlackElo "1525"]
[PlyCount "52"]
[EventDate "2020.05.05"]
[WhiteTeam "Watford Juniors B"]
[BlackTeam "Watford 3"]

1. e4 e5 2. Nf3 d6 3. Nc3 h6 4. Bc4 Nc6 5. d3 Bg4 6. h3 Bh5 7. Be3 a6 8. Qe2
Nf6 9. g4 Bg6 10. O-O-O Be7 11. Kb1 Qd7 12. a3 b5 13. Ba2 b4 14. axb4 Nxb4 15.
Bb3 O-O 16. Nh4 Bh7 17. Rdg1 Nxe4 18. Nxe4 Bxh4 19. g5 hxg5 20. Bxg5 Bxe4 21.
Qxe4 Bxg5 22. Rxg5 d5 23. Qxb4 g6 24. Rxe5 c6 25. h4 f6 26. Re7 Qf5 1-0

[Event "4NCL Online Division 5"]
[Site "online"]
[Date "2020.05.05"]
[Round "5.203"]
[White "Hylands, Keith"]
[Black "Holland, Nicolas"]
[Result "1-0"]
[WhiteElo "1382"]
[BlackElo "1225"]
[PlyCount "73"]
[EventDate "2020.05.05"]
[WhiteTeam "Watford 3"]
[BlackTeam "Watford Juniors B"]

1. e4 e6 2. d4 d5 3. e5 c5 4. c3 Nc6 5. Nf3 b6 6. Bd3 Nge7 7. Bg5 h6 8. Bc1 Ng6
9. h4 Be7 10. h5 Nh4 11. Nxh4 Bxh4 12. Qg4 Bg5 13. f4 Bf6 14. exf6 gxf6 15. Qg7
Ke7 16. O-O cxd4 17. cxd4 Nxd4 18. Be3 Nf5 19. Bxf5 e5 20. Bxc8 Qxc8 21. fxe5
fxe5 22. Rxf7+ Ke8 23. Qxh8+ Kxf7 24. Qxc8 Rxc8 25. Na3 Ke6 26. Rc1 Rg8 27.
Rc6+ Kd7 28. Rxh6 Rg3 29. Kf2 Rg4 30. Rg6 Rb4 31. b3 Rb5 32. Nxb5 a6 33. h6
axb5 34. h7 Kc7 35. h8=Q Kb7 36. Rg7+ Ka6 37. Qa8# 1-0

[Event "4NCL Online Division 5"]
[Site "online"]
[Date "2020.05.05"]
[Round "5.204"]
[White "Demyan, Leo"]
[Black "Nokes, Oliver"]
[Result "1-0"]
[WhiteElo "1165"]
[BlackElo "1350"]
[PlyCount "27"]
[EventDate "2020.05.05"]
[WhiteTeam "Watford Juniors B"]
[BlackTeam "Watford 3"]

1. e4 e5 2. Nf3 Nc6 3. Bc4 Bc5 4. d3 Nf6 5. Ng5 O-O 6. Nc3 d6 7. Nf3 a5 8. Bg5
Nd4 9. Nxd4 Bxd4 10. Nd5 c6 11. Nxf6+ gxf6 12. Bh6 Re8 13. Qf3 f5 14. Qg3+ 1-0

[Event "4NCL Online Division 5"]
[Site "online"]
[Date "2020.05.05"]
[Round "5.211"]
[White "Bonner, Dennis M"]
[Black "Will, Douglas"]
[Result "0-1"]
[WhiteElo "1540"]
[BlackElo "1828"]
[PlyCount "90"]
[EventDate "2020.05.05"]
[WhiteTeam "Shropshire 4"]
[BlackTeam "Grangemouth Giants"]

1. d4 Nf6 2. Bf4 g6 3. e3 Bg7 4. Nf3 O-O 5. h3 d6 6. c3 Nbd7 7. Be2 Ne4 8. O-O
e5 9. Bh2 Qe7 10. Nbd2 Nxd2 11. Nxd2 f5 12. b4 b6 13. a4 Bb7 14. Qb3+ Kh8 15.
a5 g5 16. axb6 axb6 17. Rfe1 Rxa1 18. Rxa1 exd4 19. cxd4 Bxd4 20. Ra7 f4 21.
exd4 Qxe2 22. Nf1 Ba6 23. Rxa6 Qxa6 24. Qe6 Qc8 25. Qd5 Qd8 26. g3 Qf6 27. Nd2
Qf5 28. Qc6 f3 29. g4 Qf7 30. Qc2 Nb8 31. d5 Na6 32. Qc3+ Qf6 33. Qe3 Nxb4 34.
Qb3 Na6 35. Qb5 Nc5 36. Qc6 Qd4 37. Nf1 Ne4 38. Ne3 Qa1+ 39. Nf1 Nd2 40. Qb5
Qxf1+ 41. Qxf1 Nxf1 42. Kxf1 Re8 43. Bg3 b5 44. h4 h6 45. hxg5 hxg5 0-1

[Event "4NCL Online Division 5"]
[Site "online"]
[Date "2020.05.05"]
[Round "5.212"]
[White "Sandham, Alasdair"]
[Black "Jones, Andrew"]
[Result "1-0"]
[WhiteElo "1361"]
[BlackElo "1502"]
[PlyCount "57"]
[EventDate "2020.05.05"]
[WhiteTeam "Grangemouth Giants"]
[BlackTeam "Shropshire 4"]

1. d4 d5 2. Bf4 Nf6 3. e3 e6 4. Nd2 h6 5. Ngf3 Nc6 6. c4 Bd6 7. Bg3 Bxg3 8.
hxg3 Bd7 9. Bd3 Qe7 10. Qb3 O-O 11. Ne5 Be8 12. Qxb7 Rb8 13. Nxc6 Bxc6 14. Qxc6
Rxb2 15. c5 Ng4 16. Qa4 Qf6 17. f3 Nxe3 18. Ke2 Qg5 19. Rab1 Rxb1 20. Rxb1 Nxg2
21. Nf1 Qh5 22. Kf2 Qh3 23. Qxa7 f6 24. Rb8 e5 25. Rxf8+ Kxf8 26. Qb8+ Ke7 27.
Qxc7+ Kf8 28. Bg6 Qe6 29. Qd8+ 1-0

[Event "4NCL Online Division 5"]
[Site "online"]
[Date "2020.05.05"]
[Round "5.213"]
[White "Holyhead, James"]
[Black "Fowler, David A"]
[Result "0-1"]
[WhiteElo "1330"]
[BlackElo "1161"]
[PlyCount "42"]
[EventDate "2020.05.05"]
[WhiteTeam "Shropshire 4"]
[BlackTeam "Grangemouth Giants"]

1. d4 d6 2. c4 Nf6 3. Nc3 g6 4. Bg5 Bg7 5. Nf3 h6 6. Bh4 O-O 7. e4 Nbd7 8. Bd3
c5 9. e5 dxe5 10. dxe5 Nh5 11. e6 fxe6 12. Bxg6 Nf4 13. Qc2 Nxg2+ 14. Kf1 Nxh4
15. Nxh4 Nf6 16. Rg1 Qd4 17. Ne2 Qxh4 18. Ng3 Ng4 19. Bh7+ Kh8 20. Qg6 Rf6 21.
Qc2 Rxf2+ 0-1

[Event "4NCL Online Division 5"]
[Site "online"]
[Date "2020.05.05"]
[Round "5.214"]
[White "Whitton, Nicholas"]
[Black "Hollands, Sam"]
[Result "1-0"]
[WhiteElo "1032"]
[BlackElo "1180"]
[PlyCount "23"]
[EventDate "2020.05.05"]
[WhiteTeam "Grangemouth Giants"]
[BlackTeam "Shropshire 4"]

1. e4 c5 2. Nf3 d6 3. Bc4 Nf6 4. Nc3 a6 5. O-O b5 6. Bd5 Nxd5 7. exd5 b4 8. Ne4
Bb7 9. c4 bxc3 10. Qa4+ Nd7 11. Re1 cxb2 12. Nxd6# 1-0

[Event "4NCL Online Division 5"]
[Site "online"]
[Date "2020.05.05"]
[Round "5.221"]
[White "Rizvi, Nasir"]
[Black "Chung, Michael"]
[Result "1-0"]
[WhiteElo "1989"]
[BlackElo "1615"]
[PlyCount "53"]
[EventDate "2020.05.05"]
[WhiteTeam "4 Gems"]
[BlackTeam "Streatham C"]

1. d4 d5 2. Nc3 e6 3. Bf4 Bd6 4. e3 Nf6 5. Nf3 Nbd7 6. Ne5 a6 7. Qf3 Nf8 8. g4
Ng6 9. Bg3 O-O 10. h4 Nd7 11. Nxd7 Bxd7 12. h5 Ne7 13. Bd3 f5 14. O-O-O fxg4
15. Qg2 Bb4 16. Rdg1 Bxc3 17. Be5 Bxb2+ 18. Kxb2 Nf5 19. Qxg4 Rf7 20. Bxf5 exf5
21. Qxg7+ Rxg7 22. Rxg7+ Kf8 23. Rhg1 Be6 24. Rxh7 Qh4 25. Rgg7 Bg8 26. Rh8 c5
27. Rhxg8# 1-0

[Event "4NCL Online Division 5"]
[Site "online"]
[Date "2020.05.05"]
[Round "5.222"]
[White "Yordanov, Denislav"]
[Black "Whelan, Joseph"]
[Result "0-1"]
[WhiteElo "1412"]
[BlackElo "1358"]
[PlyCount "118"]
[EventDate "2020.05.05"]
[WhiteTeam "Streatham C"]
[BlackTeam "4 Gems"]

1. d4 e6 2. e4 d5 3. e5 c5 4. Nf3 c4 5. b3 b5 6. Bb2 Qa5+ 7. c3 Nc6 8. Nbd2 b4
9. Qc2 bxc3 10. Bxc3 Bb4 11. Rc1 Bxc3 12. Qxc3 Qxc3 13. Rxc3 Nb4 14. bxc4 Nxa2
15. Ra3 Nb4 16. cxd5 Nc2+ 17. Kd1 Nxa3 18. Be2 a5 19. d6 Bd7 20. Bd3 a4 21. Be4
Rb8 22. Ke2 Nb5 23. Ra1 Nc3+ 24. Kd3 Nxe4 25. Nxe4 Rb3+ 26. Ke2 a3 27. Nc5 Rb2+
28. Ke3 a2 29. Na6 Nh6 30. Nc7+ Kd8 31. Ne1 Nf5+ 32. Kd3 Rb1 33. Nc2 Rxa1 34.
Nxa1 Bc6 35. f3 Kd7 36. Nb3 a1=Q 37. Nxa1 Nxd6 38. exd6 Kxd6 39. Na6 Bb5+ 40.
Ke4 Bxa6 41. Nb3 Bb7+ 42. Ke3 Bd5 43. Na5 Rb8 44. g4 Rb5 45. Kf4 Rxa5 46. Kg3
g5 47. h4 h6 48. h5 Ra3 49. Kg2 Rxf3 50. Kh2 e5 51. dxe5+ Kxe5 52. Kg2 Kf4 53.
Kh1 Rg3+ 54. Kh2 Bg2 55. Kg1 Bh3+ 56. Kh1 Kf3 57. Kh2 Kf2 58. Kh1 Bg2+ 59. Kh2
Rh3# 0-1

[Event "4NCL Online Division 5"]
[Site "online"]
[Date "2020.05.05"]
[Round "5.223"]
[White "Gogia, Abeer"]
[Black "Isaacs, Ruairi"]
[Result "1-0"]
[WhiteElo "1412"]
[BlackElo "1360"]
[PlyCount "97"]
[EventDate "2020.05.05"]
[WhiteTeam "4 Gems"]
[BlackTeam "Streatham C"]

1. e4 c5 2. Nc3 e6 3. f4 Nf6 4. Nf3 d5 5. e5 Nfd7 6. Bb5 a6 7. Bxd7+ Bxd7 8. d3
Nc6 9. O-O Be7 10. Qe1 O-O 11. Qg3 Re8 12. a3 Qb6 13. Kh1 Rac8 14. Rb1 g6 15.
Bd2 Bf8 16. Qh4 Bg7 17. Ng5 h6 18. Nf3 Ne7 19. Qf2 Nf5 20. Rfe1 d4 21. Ne4 Qd8
22. Rbd1 Bc6 23. Ng3 Nxg3+ 24. Qxg3 b5 25. Qf2 Rc7 26. Ba5 Ree7 27. Bxc7 Qxc7
28. Rd2 Qa5 29. Red1 b4 30. axb4 Qxb4 31. b3 Bb5 32. Qh4 Re8 33. Qg3 h5 34. Qg5
Kf8 35. Qg3 a5 36. Qe1 a4 37. bxa4 Bxa4 38. Rb1 Qc3 39. Ra1 Qb4 40. Qb1 Qxb1+
41. Rxb1 Bh6 42. Ng5 Rc8 43. Ra1 Bc6 44. Ra5 Bd5 45. Rd1 c4 46. dxc4 Rxc4 47.
h3 Rxc2 48. Rxd4 Rxg2 49. Rdxd5 1-0